Animal Phylum Quiz - Statistics

General Stats
  • This quiz has been taken 212 times
  • The average score is 7 of 15
Answer Stats
Hint Answer % Correct
Salamander Chordata
79%
Sea Anemone Cnidaria
78%
Sponge Porifera
78%
Snail Mollusca
77%
Earthworm Annelida
66%
Spider Arthropoda
66%
Sea Star Echinodermata
61%
Roundworm Nematoda
59%
Flatworm Platyhelminthes
52%
Comb Jelly Ctenophora
37%
Wheel Animal Rotifera
23%
Acorn Worm Hemichordata
16%
Ribbon Worm Nemertea
14%
Water Bear Tardigrata
13%
Velvet Worm Onychophora
10%
No matching quizzes found
Score Distribution
Percent of People with Each Score
Percentile by Number Answered
Your Score History
You have not taken this quiz